000 00644nam a2200241Ia 4500
003 OSt
005 20221005120954.0
006 a|||||r|||| 00| 0
007 ta
008 221004b |||||||| |||| 00| 0 eng d
024 _a63188
037 _cTextual
040 _aCRL
_cCRL
_beng
041 _2eng
_aeng
082 _aV23182:8-1:M1, H4.9
100 _aGense J H Ed.
_9629896
245 0 _aGaikwads of Baroda English documents
260 _c1944
650 _aHISTORY
700 _a Banaji D R Ed.
_9629897
942 _hV23182:8-1:M1, H4.9
_cTEXL
_2cc
999 _c1039716
_d1039716